000 00553nam a2200181Ia 4500
008 090122s9999 xx 000 0 und d
082 _b14003
_a891.468
100 _aकरंदीकर
_bचंद्रकांत
245 _aआशियाना
260 _bअनघा
_c2007
300 _a120
501 _a028 - 26/12/2008 अनघा प्रकाशन ठाणे
600 _aकरंदीकर
630 _aआशियाना
700 _aकरंदीकर
730 _aआशियाना
942 _cBOOK
999 _c38080
_d38080